When government become land developers : notes on the public sector experience in the Netherlands and California

Bibliographic Details
Main Author: Lefcoe, George
Format: Book
Published: USA : Lincoln Institute of Land Publicing , 1978
Subjects:

MARC

LEADER 00000cam a2200000 7i4500
001 0000007793
005 20161230.0
040 |a INS 
090 0 0 |a HD243.C2   |b L45 1978 
100 0 |a Lefcoe, George 
245 0 0 |a When government become land developers :   |b notes on the public sector experience in the Netherlands and California   |c George Lefcoe 
260 |a USA :   |b Lincoln Institute of Land Publicing ,   |c 1978 
300 |a 263p ;   |c 24 cm. 
650 0 0 |a Land use   |x Planning 
650 0 0 |a Public lands   |x Case studies 
999 |a 0000023023   |b BOOK   |c Open Shelf   |e Default branch